000 00557nam a22002177a 4500
003 UA-OsUOA
001 38506
007 ta
008 20060512b un ||||| |||| 00| 0 ukr d
100 _aТараненко Володимир
090 _a94
_bТ11
942 _cSA
040 _aUA-OsUOA
_bukr
_cUA-OsUOA
_dUA-OsUOA
245 _aМолодість, обпалена війною...
300 _a4 с.
955 _a0
041 _aukr
080 _a94
773 0 _w38504
650 7 _a9 Географія. Біографії. Історія
_2UDC
999 _c324658
_d324658